Metal bands starting with the letter E - Statistics

General Stats
  • This quiz has been taken 24 times
  • The average score is 5 of 50
Answer Stats
Hint Answer % Correct
USA 1979 Exodus
57%
USA 1971 Eagles
36%
Sweden 1987 Entombed
36%
Netherlands 2002 Epica
36%
USA 1995 Evanescence
36%
Denmark 1983 Evil
36%
USA 1989 Earth
29%
Norway 1991 Emperor
29%
Switzerland 2002 Eluveitie
21%
Norway 1991 Enslaved
21%
UK 2004 Evile
21%
UK 1993 Electric Wizard
14%
USA 1953 Elvis Presley
14%
USA 2003 Emmure
14%
Finland 1995 Ensiferum
14%
Sweden 1979 Europe
14%
Canada 1978 Exciter
14%
USA 1998 Eagles Of Death Metal
7%
Hungary 1994 Ektomorf
7%
Germany 2010 Electric Callboy
7%
USA 1967 Elf
7%
Sweden 2004 Enforcer
7%
Finland 1994 Eternal Tears of Sorrow
7%
France 1999 Eths
7%
Sweden 1995 Evergrey
7%
Poland 1998 Evilfeast
7%
USA 1992 Evoken
7%
USA 1985 Exhorder
7%
Germany 1985 Exumer
7%
USA 2003 Eyes Set to Kill
7%
UK 1979 The Exploited
7%
Sweden 1989 Edge Of Sanity
0%
France 2005 Eibon
0%
Canada 1993 Eidolon
0%
USA 1995 Eighteen Visions
0%
France 1993 Elend
0%
UK 1962 Elton John
0%
USA 1995 Elysian Fields
0%
Germany 1994 Empyrium
0%
Germany 1992 End of Green
0%
Germany 2000 Endstille
0%
USA 2016 Enforced
0%
Sweden 2003 Ereb Altor
0%
Germany 1993 Evereve
0%
USA 1998 Every Time I Die
0%
Belgium 2007 Evil Invaders
0%
USA 1983 Excel
0%
Netherlands 1983 Excess
0%
Switzerland1984 Excruciation
0%
USA 1986 Exorcist
0%
No matching quizzes found
Score Distribution
Percent of People with Each Score
Percentile by Number Answered
Your Score History
You have not taken this quiz